[Event "Mondiale Semilampo 2016"]
[Site "Doha QAT"]
[Date "2016.12.27"]
[Round "7.47"]
[White "Maghsoodloo, Parham"]
[Black "Hirneise, Tobias"]
[Result "1-0"]
[WhiteTitle "GM"]
[BlackTitle "IM"]
[WhiteElo "2584"]
[BlackElo "2466"]
[WhiteFideId "12539929"]
[BlackFideId "24600881"]
[EventDate "2016.12.26"]

1. Nf3 c5 2. g3 Nc6 3. d4 cxd4 4. Nxd4 e5 5. Nb5 d6 6. c4 Be6 7. b3 a6 8. N5c3
h6 9. Bg2 Nf6 10. O-O Be7 11. Nd5 O-O 12. Nbc3 Re8 13. Be3 Nd7 14. Nxe7+ Qxe7
15. Ne4 Nf6 16. Qxd6 Nxe4 17. Qxe7 Rxe7 18. Bxe4 Rd7 19. Bb6 f5 20. Bg2 Nd4 21.
Bxd4 exd4 22. Rfd1 a5 23. Rd3 a4 24. Rad1 axb3 25. axb3 Rad8 26. f4 b6 27. Kf2
Kf7 28. e3 dxe3+ 29. Kxe3 Re8 30. Rxd7+ Bxd7+ 31. Kd3 Rc8 32. Ra1 b5 33. Ra7
bxc4+ 34. bxc4 Ke7 35. Kd4 Ke6 36. Bd5+ Ke7 37. c5 Ke8 38. Ke5 Rxc5 39. Kd6 Rb5
40. Ra8+ 1-0

[Event "Mondiale Semilampo 2016"]
[Site "Doha QAT"]
[Date "2016.12.27"]
[Round "7.48"]
[White "Agdestein, Simen"]
[Black "Potapov, Pavel"]
[Result "0-1"]
[WhiteTitle "GM"]
[BlackTitle "GM"]
[WhiteElo "2602"]
[BlackElo "2493"]
[WhiteFideId "1500015"]
[BlackFideId "4169786"]
[EventDate "2016.12.26"]

1. d4 f5 2. g3 Nf6 3. Bg2 g6 4. Nf3 Bg7 5. O-O O-O 6. b4 c6 7. c4 d5 8. Nbd2 a5
9. bxa5 Rxa5 10. a4 Ne4 11. Qc2 Nd7 12. Bb2 Nxd2 13. Nxd2 Nf6 14. Nb3 Ra8 15. a5
Ne4 16. e3 Be6 17. c5 g5 18. f3 Nf6 19. Bc3 f4 20. exf4 gxf4 21. g4 h5 22. Rae1
Bd7 23. g5 Nh7 24. h4 Bf5 25. Qd2 e6 26. Nc1 Nxg5 27. hxg5 Qxg5 28. Nd3 Bh6 29.
Ne5 Kh7 30. Qf2 Rg8 31. Kh2 Qf6 32. Rh1 Rg3 33. Kg1 h4 34. Kh2 Rag8 35. Bf1 h3
36. Rc1 Qh4 37. Be1 Qh5 38. Ng4 Bxg4 39. fxg4 R8xg4 40. Rc3 Rg2+ 41. Qxg2 hxg2+
42. Rh3 Qxh3+ 0-1

[Event "Mondiale Semilampo 2016"]
[Site "Doha QAT"]
[Date "2016.12.27"]
[Round "7.49"]
[White "Mareco, Sandro"]
[Black "Tissir, Mohamed"]
[Result "1-0"]
[WhiteTitle "GM"]
[BlackTitle "IM"]
[WhiteElo "2635"]
[BlackElo "2376"]
[WhiteFideId "112275"]
[BlackFideId "9000240"]
[EventDate "2016.12.26"]

1. Nf3 e6 2. c4 c5 3. g3 b6 4. Bg2 Bb7 5. O-O Nf6 6. Nc3 Be7 7. d4 cxd4 8. Qxd4
Nc6 9. Qf4 Qb8 10. Rd1 O-O 11. e4 d6 12. b3 Ne5 13. Ba3 a6 14. Qe3 Nxf3+ 15.
Bxf3 Nd7 16. Rd2 h6 17. Bg2 Qc7 18. Rad1 Nc5 19. Bb2 Rfd8 20. Ne2 Bf8 21. Nf4 b5
22. cxb5 axb5 23. a3 Qe7 24. h4 Rac8 25. Ne2 d5 26. exd5 exd5 27. Qxe7 Bxe7 28.
Nd4 Bf6 29. Nxb5 Nxb3 30. Bxf6 gxf6 31. Rb2 Rc1 32. Rxc1 Nxc1 33. Nd4 Ba6 34.
Rc2 Nd3 35. Rc6 Bc4 36. Rxf6 Ra8 37. Nf5 Rxa3 38. g4 h5 39. g5 Ne5 40. Nh6+ Kg7
41. f4 Ra1+ 42. Kh2 Ng4+ 43. Nxg4 hxg4 44. h5 d4 45. h6+ Kg8 46. Rd6 Be6 47.
Rd8+ 1-0

[Event "Mondiale Semilampo 2016"]
[Site "Doha QAT"]
[Date "2016.12.27"]
[Round "7.50"]
[White "Quintiliano Pinto, Renato R."]
[Black "Christiansen, Johan-Sebastian"]
[Result "1-0"]
[WhiteTitle "IM"]
[BlackTitle "IM"]
[WhiteElo "2484"]
[BlackElo "2429"]
[WhiteFideId "2117568"]
[BlackFideId "1512668"]
[EventDate "2016.12.26"]

1. d4 Nf6 2. c4 c5 3. d5 b5 4. cxb5 a6 5. bxa6 g6 6. Nc3 Bg7 7. Nf3 O-O 8. g3 d6
9. Bg2 Nbd7 10. O-O Nb6 11. Ne1 Bxa6 12. Nc2 Nc4 13. Ne3 Nxe3 14. Bxe3 Ng4 15.
Bd2 Qa5 16. Qc2 Rab8 17. Rfd1 c4 18. h3 Ne5 19. Be3 Rfc8 20. Rab1 Rb4 21. Bd4
Rcb8 22. Qd2 Bc8 23. f4 Nd3 24. Bxg7 Qa7+ 25. Kh2 Rxb2 26. Nb5 Rxd2 27. Nxa7
Rxb1 28. Rxd2 Nc5 29. Nxc8 Kxg7 30. Rc2 Rb4 31. Nxe7 Ra4 32. Nc8 Rb4 33. Nxd6
Na6 34. Nxc4 f5 35. Ne5 1-0

[Event "Mondiale Semilampo 2016"]
[Site "Doha QAT"]
[Date "2016.12.27"]
[Round "7.51"]
[White "Kayumov, Sergey"]
[Black "khayat, Abdullah F"]
[Result "1-0"]
[WhiteTitle "GM"]
[WhiteElo "2505"]
[BlackElo "1732"]
[WhiteFideId "14200880"]
[BlackFideId "21500460"]
[EventDate "2016.12.26"]

1. Nf3 Nf6 2. b3 g6 3. Bb2 Bg7 4. g3 O-O 5. Bg2 d5 6. c4 c6 7. O-O Nbd7 8. Qc2
Qc7 9. cxd5 Nxd5 10. Bxg7 Kxg7 11. d4 e5 12. Nxe5 Nxe5 13. Bxd5 Qd6 14. Qe4 Ng4
15. Bc4 Bf5 16. Qf3 Qxd4 17. Qc3 Qxc3 18. Nxc3 b5 19. e4 bxc4 20. exf5 Ne5 21.
f4 Ng4 22. fxg6 hxg6 23. bxc4 Ne3 24. Rfc1 Rad8 25. Ne4 Rd4 26. Nf2 Rfd8 27. Rc3
Nxc4 28. Rac1 Nd2 29. Rxc6 Ne4 30. Nxe4 Rxe4 31. R1c2 Ra4 32. Kg2 Rd1 33. Rb2
Ra1 34. Rcc2 Re4 35. Kf3 Re7 36. Rb3 Rf1+ 37. Kg4 Kh6 38. Rbc3 f5+ 39. Kh3 Rd1
40. Rc7 Rde1 41. Rxe7 Rxe7 42. Rc6 Kg7 43. Ra6 Rb7 44. Kh4 Kh6 45. a4 Rb2 46. h3
Rb7 47. g4 fxg4 48. hxg4 Kg7 49. Kg5 Rd7 50. Rxg6+ 1-0

[Event "Mondiale Semilampo 2016"]
[Site "Doha QAT"]
[Date "2016.12.27"]
[Round "7.53"]
[White "Zhang, Zhong"]
[Black "Stratonowitsch, Andre"]
[Result "1-0"]
[WhiteTitle "GM"]
[WhiteElo "2645"]
[BlackElo "2138"]
[WhiteFideId "8600694"]
[BlackFideId "24613959"]
[EventDate "2016.12.26"]

1. e4 c5 2. Nf3 e6 3. g3 Nc6 4. Bg2 d6 5. O-O Nf6 6. Qe2 Be7 7. Rd1 d5 8. exd5
exd5 9. d4 O-O 10. dxc5 Bxc5 11. Bg5 Be6 12. Nc3 Be7 13. h3 Qa5 14. Qb5 Qxb5 15.
Nxb5 Rac8 16. c3 h6 17. Be3 a6 18. Nbd4 Rfe8 19. Bf1 Bd7 20. Nxc6 Bxc6 21. Nd4
Ne4 22. Nf5 Nd6 23. Nxe7+ Rxe7 24. Bc5 Re6 25. h4 Ne4 26. Bd4 Rce8 27. a4 Nf6
28. b4 Ng4 29. b5 axb5 30. axb5 Bd7 31. Ra7 Bc8 32. Ra8 Bd7 33. Rda1 Ne5 34. Bg2
Bxb5 35. Bxd5 Re7 1-0

[Event "Mondiale Semilampo 2016"]
[Site "Doha QAT"]
[Date "2016.12.27"]
[Round "8.5"]
[White "Akopian, Vladimir"]
[Black "Nepomniachtchi, Ian"]
[Result "0-1"]
[WhiteTitle "GM"]
[BlackTitle "GM"]
[WhiteElo "2675"]
[BlackElo "2767"]
[WhiteFideId "13300032"]
[BlackFideId "4168119"]
[EventDate "2016.12.26"]

1. e4 c5 2. Nf3 d6 3. d4 cxd4 4. Nxd4 Nf6 5. Nc3 a6 6. Be3 Ng4 7. Bg5 h6 8. Bh4
g5 9. Bg3 Bg7 10. Be2 Ne5 11. O-O Nbc6 12. Nf5 Bxf5 13. exf5 O-O 14. Nd5 e6 15.
fxe6 fxe6 16. Ne3 d5 17. Bh5 Qb6 18. Rb1 Rad8 19. Ng4 Nxg4 20. Qxg4 Ne5 21. Qe2
Nd7 22. c3 e5 23. Rbd1 Nf6 24. Bg6 e4 25. h4 Nd7 26. h5 Nc5 27. c4 d4 28. Bxe4
Nxe4 29. Qxe4 Rfe8 30. Qc2 Qe6 31. f3 Qf7 32. Rfe1 Rxe1+ 33. Bxe1 Qxh5 34. Bf2
Be5 35. Qf5 Qh2+ 36. Kf1 Bg7 37. Re1 Qc7 38. b3 d3 39. Rd1 Qe5 40. Qxe5 Bxe5 41.
Bb6 Rd7 42. Kf2 Kf7 43. g4 Kg6 44. Ke3 Bf4+ 45. Ke4 d2 46. Bd4 h5 47. gxh5+ Kxh5
48. Rh1+ Kg6 49. Rd1 Re7+ 50. Kd3 Kf5 51. c5 Rd7 52. Kc4 g4 53. fxg4+ Kxg4 54.
Bc3 Kf3 55. Bxd2 Bxd2 56. Rh1 Ke4 57. Rh4+ Bf4 58. c6 Rc7 59. Kb4 Rxc6 60. Ka5
Kf5 61. Rh5+ Ke6 0-1

[Event "Mondiale Semilampo 2016"]
[Site "Doha QAT"]
[Date "2016.12.27"]
[Round "8.8"]
[White "Dominguez Perez, Leinier"]
[Black "Nguyen, Ngoc Truong Son"]
[Result "1/2-1/2"]
[WhiteTitle "GM"]
[BlackTitle "GM"]
[WhiteElo "2739"]
[BlackElo "2629"]
[WhiteFideId "3503240"]
[BlackFideId "12401110"]
[EventDate "2016.12.26"]

1. e4 e5 2. Nf3 Nc6 3. Bb5 Nf6 4. O-O Nxe4 5. Re1 Nd6 6. Nxe5 Be7 7. Bf1 Nf5 8.
c3 Nxe5 9. Rxe5 d6 10. Re1 O-O 11. d4 d5 12. Bd3 c6 13. Nd2 Nd6 14. Nf3 Bf5 15.
Bf4 Bxd3 16. Qxd3 Ne4 17. Nd2 Bd6 18. Bxd6 Nxd6 19. Re2 Re8 20. Rae1 Qd7 21. h3
Rxe2 22. Rxe2 Re8 23. Kf1 f6 24. Rxe8+ Qxe8 25. Qe2 Qxe2+ 26. Kxe2 Kf7 27. Kd3
g5 28. Nf1 h5 29. b3 f5 30. Nd2 f4 31. c4 Kf6 32. c5 Nf5 33. Nf3 g4 34. hxg4
hxg4 35. Ne1 g3 36. fxg3 Nxg3 37. Nf3 Kf5 38. Ne5 Ne4 39. b4 Nf2+ 40. Ke2 Ng4
41. Nxg4 Kxg4 42. Kf2 Kg5 43. Kf3 Kf5 44. a3 Kg5 45. g3 fxg3 46. Kxg3 Kf5 47.
Kf3 a6 48. a4 Kg5 49. Kg3 Kf5 50. Kf3 1/2-1/2

[Event "Mondiale Semilampo 2016"]
[Site "Doha QAT"]
[Date "2016.12.27"]
[Round "8.10"]
[White "Melkumyan, Hrant"]
[Black "Li, Chao b"]
[Result "0-1"]
[WhiteTitle "GM"]
[BlackTitle "GM"]
[WhiteElo "2633"]
[BlackElo "2720"]
[WhiteFideId "13302485"]
[BlackFideId "8604436"]
[EventDate "2016.12.26"]

1. Nf3 d5 2. d4 Bf5 3. c4 e6 4. Nc3 Nc6 5. Bf4 Nf6 6. e3 Bb4 7. Rc1 Ne4 8. Bd3
dxc4 9. Bxe4 Bxe4 10. O-O Bd3 11. Ne2 O-O 12. Ne1 Bxe2 13. Qxe2 b5 14. b3 Na5
15. bxc4 Nxc4 16. Nd3 Bd6 17. Rb1 a6 18. a4 Qd7 19. Rfc1 Rfb8 20. h3 h6 21. Ra1
Qe8 22. Qf3 Nb6 23. axb5 axb5 24. Rxa8 Rxa8 25. Bxd6 cxd6 26. Qc6 Qxc6 27. Rxc6
Nc4 28. g4 g5 29. Rc7 Ra1+ 30. Kg2 Rb1 31. Rb7 Rb3 32. Ne1 Kg7 33. Nf3 Rb1 34.
Rc7 Kf6 35. h4 gxh4 36. Nxh4 Nd2 37. Nf3 Ne4 38. Rc2 b4 39. Nd2 Nxd2 40. Rxd2
Kg5 41. Kf3 b3 42. Rd3 d5 43. Rc3 f5 44. gxf5 Kxf5 45. Rc8 b2 46. Rf8+ Kg6 47.
Rg8+ Kf7 48. Rb8 h5 49. Kg2 h4 50. Rb7+ Kf6 51. f3 h3+ 52. Kh2 Rf1 53. Rxb2 Rxf3
54. e4 dxe4 55. Rb5 Rd3 56. Rh5 Rf3 57. Re5 Re3 58. Rh5 Ke7 59. Ra5 Kd6 60. Re5
Kd7 61. Rh5 Rd3 62. Re5 Rxd4 63. Kxh3 Kd6 64. Ra5 Rd2 65. Kg3 e5 66. Rb5 Ra2 67.
Kg4 Rf2 68. Kg3 Rf4 69. Ra5 Ke6 70. Rb5 Kf5 71. Rb3 Ke6 72. Rb5 e3 73. Rb3 Re4
74. Rb1 Kd5 75. Kf3 e2 76. Re1 Kd4 77. Kf2 Kd3 78. Kf3 Rf4+ 0-1

[Event "Mondiale Semilampo 2016"]
[Site "Doha QAT"]
[Date "2016.12.27"]
[Round "8.12"]
[White "Wojtaszek, Radoslaw"]
[Black "Vidit, Santosh Gujrathi"]
[Result "0-1"]
[WhiteTitle "GM"]
[BlackTitle "GM"]
[WhiteElo "2749"]
[BlackElo "2689"]
[WhiteFideId "1118358"]
[BlackFideId "5029465"]
[EventDate "2016.12.26"]

1. Nf3 c5 2. c4 Nc6 3. d4 cxd4 4. Nxd4 Nf6 5. Nc3 e6 6. a3 Bc5 7. Nb3 Bb6 8. c5
Bc7 9. g3 O-O 10. Bg2 b6 11. O-O Be5 12. a4 Rb8 13. Nb5 bxc5 14. Nxc5 a6 15. Nc3
d5 16. e4 dxe4 17. N3xe4 Nd4 18. Nd3 Bb7 19. Nxe5 Bxe4 20. Bxe4 Nxe4 21. Be3 Rb4
22. Ra3 Qd6 23. Rd3 Qxe5 24. Rxd4 Rxd4 25. Qxd4 Qxd4 26. Bxd4 Rb8 27. Rc1 h5 28.
Rc6 Rb4 29. Be3 Rxa4 30. Kg2 Nf6 31. h3 Nd5 32. Bd2 Ra2 33. Rc8+ Kh7 34. Rb8 a5
35. Kf3 a4 36. Be3 a3 37. bxa3 Rxa3 38. g4 hxg4+ 39. hxg4 Kg6 40. Rb5 f6 41. Rc5
Rb3 42. Ra5 Nxe3 43. fxe3 e5 44. Ra7 Kh6 45. Rc7 g6 46. Rc4 Kg5 47. Ra4 Rb1 48.
Kg3 Rg1+ 49. Kf3 Rh1 50. Re4 Rg1 51. Rc4 Kh4 52. Rc6 Kg5 53. Rc4 Rf1+ 54. Kg3
Re1 55. Re4 Rg1+ 56. Kf3 Kh4 57. Rc4 Rg3+ 58. Kf2 Rxg4 0-1

[Event "Mondiale Semilampo 2016"]
[Site "Doha QAT"]
[Date "2016.12.27"]
[Round "8.13"]
[White "Bu, Xiangzhi"]
[Black "Onischuk, Vladimir"]
[Result "1-0"]
[WhiteTitle "GM"]
[BlackTitle "GM"]
[WhiteElo "2705"]
[BlackElo "2601"]
[WhiteFideId "8601445"]
[BlackFideId "14114038"]
[EventDate "2016.12.26"]

1. Nf3 d6 2. d4 g6 3. g3 Bg7 4. Bg2 Nf6 5. O-O O-O 6. c4 Nc6 7. Nc3 e5 8. dxe5
dxe5 9. Bg5 Be6 10. Qa4 Qb8 11. Rfd1 Nd7 12. Be3 Nb6 13. Bxb6 axb6 14. Qb5 h6
15. e3 Ra5 16. Qb3 Rc5 17. Nd2 Na5 18. Qc2 Nxc4 19. b4 Rc6 20. Bxc6 bxc6 21.
Nxc4 Bxc4 22. Qe4 Ba6 23. Qxc6 Bb7 24. Qc4 Bf3 25. Rd7 e4 26. Rc1 c5 27. bxc5
bxc5 28. Nxe4 Bb2 29. Rb1 Qe5 30. Nxc5 Ba3 31. Nd3 Qf5 32. Rd4 g5 33. e4 Qf6 34.
Rd5 Qe6 35. Ne5 Rc8 36. Qd3 1-0

[Event "Mondiale Semilampo 2016"]
[Site "Doha QAT"]
[Date "2016.12.27"]
[Round "8.14"]
[White "Cheparinov, Ivan"]
[Black "Bok, Benjamin"]
[Result "1-0"]
[WhiteTitle "GM"]
[BlackTitle "GM"]
[WhiteElo "2689"]
[BlackElo "2598"]
[WhiteFideId "2905540"]
[BlackFideId "1017063"]
[EventDate "2016.12.26"]

1. d4 Nf6 2. c4 g6 3. Nf3 Bg7 4. g3 c5 5. Bg2 cxd4 6. Nxd4 O-O 7. Nc3 Qc7 8. Qd3
Nc6 9. O-O d6 10. Bg5 Nxd4 11. Bxf6 Bxf6 12. Nd5 Qc5 13. b4 Nxe2+ 14. Qxe2 Qd4
15. Rad1 Qe5 16. Qd2 Bg4 17. Rde1 Qg5 18. f4 Qh5 19. Nxe7+ Bxe7 20. Rxe7 Rae8
21. Rfe1 Be6 22. Rxe8 Rxe8 23. Qxd6 b6 24. c5 bxc5 25. bxc5 Qf5 26. c6 Qa5 27.
Rc1 Rd8 28. Qe5 Qa3 29. Qe1 Rc8 30. c7 Qd6 31. Qe5 Qb6+ 32. Kh1 Bxa2 33. h4 Be6
34. Kh2 h5 35. Rc6 Qb3 36. Rd6 Kh7 37. Rd8 1-0

[Event "Mondiale Semilampo 2016"]
[Site "Doha QAT"]
[Date "2016.12.27"]
[Round "8.15"]
[White "Karjakin, Sergey"]
[Black "Mamedov, Rauf"]
[Result "0-1"]
[WhiteTitle "GM"]
[BlackTitle "GM"]
[WhiteElo "2785"]
[BlackElo "2688"]
[WhiteFideId "14109603"]
[BlackFideId "13401653"]
[EventDate "2016.12.26"]

1. e4 c5 2. Nf3 Nc6 3. d4 cxd4 4. Nxd4 g6 5. c4 Bg7 6. Be3 Qb6 7. Nb3 Qd8 8. Qd2
Nf6 9. f3 a5 10. Be2 O-O 11. O-O d6 12. Nc3 a4 13. Nd4 Nxd4 14. Bxd4 Be6 15.
Rfd1 Nd7 16. Nb5 Bxd4+ 17. Nxd4 Nc5 18. h4 Bd7 19. h5 Qb6 20. Kh2 Ne6 21. Rac1
Ra5 22. Nb5 Bc6 23. hxg6 fxg6 24. Bf1 Raa8 25. Nc3 Rf4 26. Kg3 Raf8 27. Nd5 Bxd5
28. Qxd5 R8f6 29. c5 dxc5 30. Bc4 Kf7 31. Qe5 g5 32. Rd7 h5 33. Qxg5 Ke8 34.
Bxe6 Qxe6 35. Qd5 Qxd7 0-1

[Event "Mondiale Semilampo 2016"]
[Site "Doha QAT"]
[Date "2016.12.27"]
[Round "8.17"]
[White "Adhiban, Baskaran"]
[Black "Malakhov, Vladimir"]
[Result "0-1"]
[WhiteTitle "GM"]
[BlackTitle "GM"]
[WhiteElo "2666"]
[BlackElo "2713"]
[WhiteFideId "5018471"]
[BlackFideId "4120787"]
[EventDate "2016.12.26"]

1. d4 d5 2. c4 c6 3. Nc3 Nf6 4. cxd5 cxd5 5. Bf4 Nc6 6. e3 e6 7. Bd3 Be7 8. h3
O-O 9. Nf3 Bd6 10. Bxd6 Qxd6 11. O-O Bd7 12. Rc1 Rfc8 13. Qd2 a6 14. e4 dxe4 15.
Nxe4 Nxe4 16. Bxe4 Nd8 17. d5 e5 18. Qg5 f6 19. Qh5 f5 20. Bxf5 g6 21. Bxg6 hxg6
22. Qxe5 Nf7 23. Qxd6 Nxd6 24. Ne5 Be8 25. f4 Kg7 26. g4 Bf7 27. Nxf7 Kxf7 28.
Kf2 Kf6 29. Rxc8 Rxc8 30. Re1 Rc2+ 31. Re2 Rxe2+ 32. Kxe2 Nc4 33. Kd3 Nxb2+ 34.
Kd4 Nd1 35. h4 Nf2 36. g5+ Kf5 37. d6 Ke6 38. h5 gxh5 39. g6 Ng4 40. g7 Nf6 41.
Kc5 h4 42. f5+ Kd7 43. Kd4 Kxd6 0-1

[Event "Mondiale Semilampo 2016"]
[Site "Doha QAT"]
[Date "2016.12.27"]
[Round "8.18"]
[White "Khusnutdinov, Rustam"]
[Black "Tomashevsky, Evgeny"]
[Result "0-1"]
[WhiteTitle "GM"]
[BlackTitle "GM"]
[WhiteElo "2458"]
[BlackElo "2716"]
[WhiteFideId "13701703"]
[BlackFideId "4147235"]
[EventDate "2016.12.26"]

1. d4 Nf6 2. c4 e6 3. g3 c5 4. Nf3 cxd4 5. Nxd4 d5 6. Bg2 e5 7. Nf3 d4 8. O-O
Nc6 9. e3 Be7 10. exd4 exd4 11. b3 O-O 12. Bb2 Bc5 13. Nbd2 Bf5 14. Nh4 Bg4 15.
Bf3 Bxf3 16. Qxf3 Re8 17. Rfe1 Qd7 18. a3 a5 19. Nf5 g6 20. Nh4 Re6 21. Rxe6
Qxe6 22. Ng2 Rd8 23. Nf4 Qd6 24. Ne4 Nxe4 25. Qxe4 Qe5 26. Qd3 Re8 27. Nd5 Qe2
28. Nf6+ Kh8 29. Rd1 Qxd3 30. Rxd3 Re2 31. b4 Be7 32. b5 Ne5 33. Bxd4 Nxd3 34.
Nd5+ Kg8 0-1

[Event "Mondiale Semilampo 2016"]
[Site "Doha QAT"]
[Date "2016.12.27"]
[Round "8.19"]
[White "Inarkiev, Ernesto"]
[Black "Borisek, Jure"]
[Result "1-0"]
[WhiteTitle "GM"]
[BlackTitle "GM"]
[WhiteElo "2709"]
[BlackElo "2561"]
[WhiteFideId "4162722"]
[BlackFideId "14603152"]
[EventDate "2016.12.26"]

1. d4 d5 2. c4 dxc4 3. e4 e5 4. Nf3 exd4 5. Bxc4 Nc6 6. O-O Be6 7. Bb5 Bc5 8. b4
Bb6 9. Bb2 Ne7 10. a4 a6 11. Bxc6+ Nxc6 12. b5 Na5 13. Bxd4 Nb3 14. Bxb6 cxb6
15. Ra3 O-O 16. Qc2 Rc8 17. Qb2 Nc5 18. Nbd2 a5 19. Nd4 Qd6 20. Rg3 g6 21. Ra1
Rfd8 22. N4f3 Nd3 23. Qf6 Qf4 24. e5 Qxf6 25. exf6 Nf4 26. Rg5 Bf5 27. Nf1 Ne2+
28. Kh1 h6 29. Rxf5 gxf5 30. Ne3 Rc1+ 31. Rxc1 Nxc1 32. g3 Nd3 33. Kg2 f4 34.
Nf5 fxg3 35. Nxh6+ Kf8 36. fxg3 Rd6 37. Ng5 Rxf6 38. Nh7+ Kg7 39. Nxf6 Kxf6 40.
Ng4+ Kg7 41. Ne3 Nc5 42. Nd5 Nxa4 43. Kf3 Nb2 44. Ke4 Nc4 45. Nc3 Nd2+ 46. Ke5
Nf1 47. Kd6 Nxh2 48. Kc7 Nf1 49. Kxb7 Nxg3 50. Kxb6 Nf5 51. Kc5 1-0

[Event "Mondiale Semilampo 2016"]
[Site "Doha QAT"]
[Date "2016.12.27"]
[Round "8.20"]
[White "Henriquez Villagra, Cristobal"]
[Black "Dreev, Aleksey"]
[Result "1-0"]
[WhiteTitle "IM"]
[BlackTitle "GM"]
[WhiteElo "2517"]
[BlackElo "2652"]
[WhiteFideId "3409350"]
[BlackFideId "4100107"]
[EventDate "2016.12.26"]

1. e4 c6 2. d4 d5 3. e5 Bf5 4. h4 h6 5. g4 Bd7 6. Nc3 Qc8 7. Be2 e6 8. Be3 c5 9.
f4 cxd4 10. Qxd4 Nc6 11. Qd2 Bb4 12. a3 Bxc3 13. Qxc3 d4 14. Bxd4 Nxd4 15. Qxd4
Qxc2 16. Rh3 Ne7 17. Rc3 Qa4 18. Rc4 Qa5+ 19. b4 Qb6 20. Rd1 Nd5 21. Bf3 O-O 22.
Rc5 Bc6 23. g5 hxg5 24. hxg5 Rfd8 25. Bxd5 Bxd5 26. Rc3 Bb3 27. Qxd8+ Rxd8 28.
Rxd8+ Qxd8 29. Rxb3 Qd5 30. Rf3 Kf8 31. Kf2 Qd4+ 32. Kf1 Ke7 33. Ne2 Qe4 34. Rc3
Kd7 35. Ke1 b6 36. Kd2 Qg2 37. Rg3 Qh1 38. Rc3 Qb7 39. Ke3 Qh1 40. Kd2 Qe4 41.
Ke1 Qb7 42. Kd2 Ke7 43. Ke1 Kf8 44. Kf2 Kg8 45. Rh3 Qe4 46. Rc3 a6 47. Re3 Qh1
48. Rg3 Kh7 49. Rg1 Qe4 50. Rg3 Kg6 51. Rh3 Qc2 52. Rc3 Qd2 53. Kf3 Qe1 54. Rc1
Qd2 55. Rc3 Qd1 56. Kf2 Qa1 57. Rf3 Kf5 58. Ng3+ Kg4 59. Ne2 Qh1 60. Rg3+ Kf5
61. g6 Qh2+ 62. Ke3 Qxg3+ 63. Nxg3+ Kxg6 64. Kf3 f6 65. Kg4 Kf7 66. Ne2 1-0

[Event "Mondiale Semilampo 2016"]
[Site "Doha QAT"]
[Date "2016.12.27"]
[Round "8.21"]
[White "Bortnyk, Olexandr"]
[Black "Quparadze, Giga"]
[Result "1-0"]
[WhiteTitle "GM"]
[BlackTitle "IM"]
[WhiteElo "2581"]
[BlackElo "2481"]
[WhiteFideId "14120828"]
[BlackFideId "13602250"]
[EventDate "2016.12.26"]

1. e4 c5 2. Nf3 e6 3. Nc3 a6 4. g3 Nc6 5. Bg2 d6 6. O-O Be7 7. d4 cxd4 8. Nxd4
Bd7 9. Be3 Nf6 10. Qe2 Rc8 11. Rad1 O-O 12. f4 Nxd4 13. Bxd4 Qc7 14. e5 Ne8 15.
Qe3 Bc6 16. Ne4 Bxe4 17. Bxe4 d5 18. Bd3 Bc5 19. f5 Bxd4 20. Qxd4 g6 21. f6 Qc5
22. c3 Qxd4+ 23. cxd4 Nc7 24. a4 Na8 25. a5 Nc7 26. Ra1 Nb5 27. Bxb5 axb5 28.
Rf3 Rc4 29. Rb3 b4 30. Ra4 Ra8 31. Raxb4 Rxb4 32. Rxb4 Rxa5 33. Rxb7 h5 34. Rb8+
Kh7 35. h4 Ra4 36. b4 Ra3 37. Kg2 Rd3 38. Rf8 Rxd4 39. Rxf7+ Kg8 40. Rg7+ Kf8
41. Rxg6 Rxb4 42. Rg5 Rb2+ 43. Kf3 Rb3+ 44. Kf2 Rb2+ 45. Ke3 Rb3+ 46. Kd4 Rb4+
47. Kc5 Rc4+ 48. Kd6 d4 49. Rxh5 d3 50. Kxe6 Rc6+ 51. Kf5 Kg8 52. Rg5+ Kf8 53.
Rg7 Rd6 54. e6 1-0

[Event "Mondiale Semilampo 2016"]
[Site "Doha QAT"]
[Date "2016.12.27"]
[Round "8.22"]
[White "Aleksandrov, Aleksej"]
[Black "Riazantsev, Alexander"]
[Result "0-1"]
[WhiteTitle "GM"]
[BlackTitle "GM"]
[WhiteElo "2574"]
[BlackElo "2671"]
[WhiteFideId "13500139"]
[BlackFideId "4125029"]
[EventDate "2016.12.26"]

1. d4 e6 2. c4 Nf6 3. Nc3 Bb4 4. e3 O-O 5. Ne2 d5 6. a3 Bd6 7. c5 Be7 8. b4 b6
9. Nf4 a5 10. Bd2 axb4 11. axb4 Rxa1 12. Qxa1 Nc6 13. Qa4 e5 14. Qxc6 exf4 15.
exf4 Bd7 16. Qb7 bxc5 17. bxc5 Bxc5 18. dxc5 d4 19. Ne2 Re8 20. Ba5 Bc8 21. Qxc7
Qd5 22. Kd1 Qb3+ 23. Kc1 Bf5 0-1

[Event "Mondiale Semilampo 2016"]
[Site "Doha QAT"]
[Date "2016.12.27"]
[Round "8.24"]
[White "Jobava, Baadur"]
[Black "Lu, Shanglei"]
[Result "0-1"]
[WhiteTitle "GM"]
[BlackTitle "GM"]
[WhiteElo "2702"]
[BlackElo "2627"]
[WhiteFideId "13601520"]
[BlackFideId "8603332"]
[EventDate "2016.12.26"]

1. d4 d5 2. c4 e6 3. Nc3 c6 4. e4 dxe4 5. Nxe4 Bb4+ 6. Bd2 Qxd4 7. Bxb4 Qxe4+ 8.
Be2 Na6 9. Bd6 b6 10. Nf3 Bb7 11. O-O O-O-O 12. Bd3 Qg4 13. h3 Qh5 14. Ne5 Qxd1
15. Raxd1 Nh6 16. Be7 Rd4 17. Bg5 f6 18. Bxh6 gxh6 19. Nf7 Rf8 20. Nxh6 c5 21.
Ng4 Rfd8 22. Bc2 f5 23. Ne5 Nb4 24. Rxd4 Rxd4 25. Bb1 Nc6 26. Nf7 Rd7 27. Ng5
Nd4 28. f4 Rg7 29. Kf2 e5 30. g4 exf4 31. Bxf5+ Nxf5 32. Ne6 Rg6 33. gxf5 Rg2+
34. Ke1 f3 35. Rf2 Rg1+ 36. Kd2 Kd7 37. Nf8+ Kd6 38. Nxh7 Rg7 39. Nf6 Ke5 40.
Nd5 Bxd5 41. cxd5 Kf4 42. Kd3 Rd7 43. Kc4 Ke3 44. Rf1 Ke2 45. Rh1 Rd6 46. h4 f2
47. h5 f1=Q 48. Rxf1 Kxf1 49. Kd3 Rxd5+ 50. Ke4 Rd4+ 0-1

[Event "Mondiale Semilampo 2016"]
[Site "Doha QAT"]
[Date "2016.12.27"]
[Round "8.25"]
[White "Mchedlishvili, Mikheil"]
[Black "Salem, A.R. Saleh"]
[Result "1/2-1/2"]
[WhiteTitle "GM"]
[BlackTitle "GM"]
[WhiteElo "2601"]
[BlackElo "2656"]
[WhiteFideId "13600966"]
[BlackFideId "9301348"]
[EventDate "2016.12.26"]

1. d4 Nf6 2. c4 g6 3. g3 Bg7 4. Bg2 d5 5. cxd5 Nxd5 6. Nf3 Nb6 7. Nc3 Nc6 8. e3
O-O 9. O-O Re8 10. Ng5 e5 11. d5 Na5 12. e4 h6 13. Nf3 c6 14. Nd2 cxd5 15. exd5
f5 16. Nb3 Nac4 17. a4 Nd6 18. Nc5 e4 19. Qb3 Nbc4 20. Qa2 Qa5 21. Ne6 Rxe6 22.
dxe6 Bxe6 23. Qb1 Rc8 24. Nb5 Nxb5 25. axb5 Qxb5 26. b3 Ne5 27. Bb2 a6 28. b4
Rc4 29. Ra5 Qxb4 30. Rxe5 Bxe5 31. Bxe5 Qxb1 32. Rxb1 b5 33. Bf1 Rc6 34. h4 Kf7
35. Bf4 h5 36. Be2 Bc4 37. Kf1 Ke6 38. Bd2 Kd5 39. Ke1 Kd4 40. Rc1 Kd5 41. Ra1
Kd4 42. Rc1 Kd5 43. Ra1 Kd4 44. Rc1 1/2-1/2